Un prosista chileno (Record no. 92915)

MARC details
000 -LEADER
campo de control de longitud fija 00593nam a2200181 i 4500
001 - NÚMERO DE CONTROL
campo de control 92915
003 - IDENTIFICADOR DE NÚMERO DE CONTROL
campo de control ES-MaACL
005 - FECHA Y HORA DE LA ÚLTIMA TRANSACCIÓN
campo de control 20230906181102.0
007 - CAMPO FIJO DE DESCRIPCIÓN FÍSICA--INFORMACIÓN GENERAL
campo de control de longitud fija t|
008 - DATOS DE LONGITUD FIJA--INFORMACIÓN GENERAL
campo de control de longitud fija 050331s1965 sp ||||1| spa d
100 1# - ENTRADA PRINCIPAL--NOMBRE DE PERSONA
Nombre de persona Ljungstedt, Ester.
9 (RLIN) 72634
245 13 - MENCIÓN DEL TÍTULO
Título Un prosista chileno
Resto del título : José Santos González Vera /
Mención de responsabilidad, etc. Ester Ljugstedt, Instituto Ibero Americano Gotemburgo, Suecia.
260 ## - PUBLICACIÓN, DISTRIBUCIÓN, ETC.
Lugar de publicación, distribución, etc. Madrid :
Nombre del editor, distribuidor, etc. Insula,
Fecha de publicación, distribución, etc. 1965.
300 ## - DESCRIPCIÓN FÍSICA
Extensión 111 p. ;
Dimensiones 22 cm.
710 00 - ENTRADA AGREGADA--NOMBRE DE ENTIDAD CORPORATIVA
Nombre de entidad corporativa o nombre de jurisdicción como elemento de entrada Instituto Ibero-Americano (Göteborg)
9 (RLIN) 5089
852 ## - LOCALIZACIÓN
Ubicación ES-MaACL
Número de control de estantería C-26784
Sublocalización o colección R.55774
852 ## - LOCALIZACIÓN
Ubicación ES-MaACL
Número de control de estantería C-27135
Sublocalización o colección R.56103
Holdings
Estatus retirado Estado de pérdida Estado de daño No para préstamo Biblioteca de origen Biblioteca actual Ubicación en estantería Fecha de adquisición Fuente de adquisición Total de préstamos Signatura topográfica completa Código de barras Visto por última vez Precio de reemplazo Tipo de ítem Koha
        Biblioteca del Ateneo de Madrid Biblioteca del Ateneo de Madrid Depósito 2 17/01/2008     C-27135 1096997 23/02/2023 23/02/2023 Libro impreso
        Biblioteca del Ateneo de Madrid Biblioteca del Ateneo de Madrid Depósito 2 17/01/2008     C-26784 1096996 23/02/2023 23/02/2023 Libro impreso